00872 a2200205 4500020001500000020001800015082001200033090001300045100006500058245026900123260004300392300001100435700002700446700002200473700001800495700001800513942002500531999001700556952009300573 a0444869786 a978044486978404a530.143 c386d3861 aCopenhagen, Denmark) Niels Bohr Centennial Conference (1985.10aRecent development in quantum field theory :bproceedings of the niels bohr centennial conference, copenhagen, denmark, may 6-10, 1985 /cDenmark) Niels Bohr Centennial Conference (1985 Copenhagen, Bergfinnur J. Durhuus, Jens L. Petersen, Jan Ambjorn, Jan Ambjorn. a[S.l.] :bElsevier Science Ltd,c1985. a298 p.1 aDurhuus, Bergfinnur J.1 aPetersen, Jens L.1 aAmbjorn, Jan.1 aAmbjorn, Jan. aSNScBKk530.143 AMB c29018d29018 00104070aSNSbSNSd2016-05-26l0o530.143 AMBpSNS0000306r2016-05-26w2016-05-26yBK